[Event "Zuerich op-A 31th"]
[Site "Zuerich"]
[Date "2007.12.27"]
[Round "3"]
[White "Rodic, Donjan"]
[Black "Nemcova, Kristyna"]
[Result "1-0"]
[WhiteElo "2163"]
[BlackElo "2040"]
[PlyCount "61"]
[EventDate "2007.12.26"]
[EventType "swiss"]
[EventRounds "7"]
[EventCountry "SUI"]
[SourceTitle "CBM 122 Extra"]
[Source "ChessBase"]
[SourceDate "2008.03.04"]
[SourceVersion "1"]
[SourceVersionDate "2008.03.04"]
[SourceQuality "1"]

1. e4 c5 2. f4 e6 3. Nf3 Nc6 4. c3 d5 5. e5 a6 6. d4 b5 7. Bd3 Qb6 8. Be3 c4 9. Bc2 b4 10. Ba4 Bd7 11. 0-0 Nge7 12. g4 h5 13. h3 g6 14. Qe2 Na5 15. Bxd7+ Kxd7 16. Ng5 Ke8 17. cxb4 Qxb4 18. Nc3 Rb8 19. f5 gxf5 20. gxf5 exf5 21. Rf2 Nac6 22. Qf3 Qa5 23. e6 fxe6 24. Nxe6 Nb4 25. Bf4 Rc8 26. Re2 Nbc6 27. Rae1 Qb6 28. Nxd5 Nxd4 29. Nxd4 Qxd4+ 30. Kh1 Rh7 31. Bd6 1-0

[Event "Verbandsliga Sued Baden 0506"]
[Site "Germany"]
[Date "2006.04.09"]
[Round "8.2"]
[White "Rodic, Donjan"]
[Black "Kaenel, Hansjuerg"]
[Result "0-1"]
[WhiteElo "2134"]
[BlackElo "2327"]
[PlyCount "84"]
[EventDate "2005.10.16"]
[EventType "team"]
[EventRounds "9"]
[EventCountry "GER"]
[SourceTitle "EXT 2007"]
[Source "ChessBase"]
[SourceDate "2006.11.23"]
[SourceVersion "1"]
[SourceVersionDate "2006.11.23"]
[SourceQuality "1"]
[WhiteTeam "Waldshut Tiengen II"]
[BlackTeam "Dreisamtal"]
[WhiteTeamCountry "GER"]
[BlackTeamCountry "GER"]

1. d4 Nf6 2. c4 c5 3. d5 b5 4. cxb5 a6 5. b6 g6 6. Nc3 Bg7 7. e4 d6 8. h3 Nbd7 9. Nf3 Rb8 10. Bd3 0-0 11. Be3 Rxb6 12. Rb1 Ne8 13. 0-0 Nc7 14. Qe2 a5 15. Na4 Rb7 16. b3 Nb6 17. Nxb6 Rxb6 18. Bd2 Ba6 19. Bxa5 Bxd3 20. Qxd3 Rb7 21. Bc3 Bxc3 22. Qxc3 Qa8 23. Qd2 Rb4 24. Rfe1 f6 25. Re2 Nb5 26. Rc1 Nd4 27. Nxd4 Rxd4 28. Qb2 Qa6 29. a3 Rb8 30. Re3 Rd3 31. Rc3 Rd1+ 32. Kh2 Qf1 33. Qe2 Qh1+ 34. Kg3 Rg1 35. f4 h5 36. Rc2 Kf7 37. e5 h4+ 38. Kg4 f5+ 39. Kg5 Qxg2+ 40. Qxg2 Rxg2+ 41. Rxg2 Rh8 42. e6+ Kg7 0-1

[Event "Zuerich op-A 29th"]
[Site "Zuerich"]
[Date "2005.12.26"]
[Round "1"]
[White "Varga, Zoltan"]
[Black "Rodic, Donjan"]
[Result "1-0"]
[WhiteElo "2525"]
[BlackElo "2163"]
[PlyCount "78"]
[EventDate "2005.12.26"]
[EventType "swiss"]
[EventRounds "7"]
[EventCountry "SUI"]
[SourceTitle "CBM 110 Extra"]
[Source "ChessBase"]
[SourceDate "2006.03.10"]
[SourceVersion "2"]
[SourceVersionDate "2006.03.10"]
[SourceQuality "1"]

1. e4 c6 2. c4 d5 3. cxd5 cxd5 4. exd5 Nf6 5. Bb5+ Bd7 6. Bc4 Qa5 7. Nc3 Na6 8. a3 b5 9. Bb3 b4 10. Na4 Nxd5 11. Nf3 e6 12. 0-0 Bd6 13. d4 Rb8 14. Bd2 Qb5 15. Nc5 Nxc5 16. dxc5 Bxc5 17. Bxd5 exd5 18. Re1+ Be6 19. axb4 Bb6 20. Bf4 Rd8 21. Nd4 Qd7 22. Nxe6 fxe6 23. Qh5+ g6 24. Qh6 Qf7 25. Re2 Rf8 26. Bg3 Kd7 27. Qc1 Rc8 28. Qd1 Qf5 29. Qa4+ Ke7 30. Rae1 Rf6 31. h3 g5 32. Kh2 Qd3 33. b5 h5 34. Qa6 Rd8 35. Qb7+ Rd7 36. Qc6 Qg6 37. f3 h4 38. Be5 Rf7 39. Bc3 e5 1-0

[Event "Oberliga Baden 0506"]
[Site "Germany"]
[Date "2005.11.27"]
[Round "3.5"]
[White "Rodic, Donjan"]
[Black "Fuchs, Heinz"]
[Result "0-1"]
[WhiteElo "2156"]
[BlackElo "2298"]
[PlyCount "98"]
[EventDate "2005.10.23"]
[EventType "team-tourn"]
[EventRounds "9"]
[EventCountry "GER"]
[SourceTitle "EXT 2007"]
[Source "ChessBase"]
[SourceDate "2006.11.23"]
[SourceVersion "1"]
[SourceVersionDate "2006.11.23"]
[SourceQuality "1"]
[WhiteTeam "Waldshut Tiengen"]
[BlackTeam "Untergrombach"]
[WhiteTeamCountry "GER"]
[BlackTeamCountry "GER"]

1. d4 Nf6 2. c4 g6 3. Nc3 Bg7 4. e4 d6 5. f3 0-0 6. Bg5 Na6 7. Qd2 e5 8. d5 h6 9. Be3 Nd7 10. h4 h5 11. Nge2 Qe8 12. 0-0-0 Nb6 13. Ng3 Kh7 14. Be2 Nc5 15. b3 Bd7 16. Rde1 a5 17. Qc2 c6 18. Rd1 Qe7 19. Qd2 Rfd8 20. Bg5 f6 21. Be3 cxd5 22. Nxd5 Nxd5 23. Qxd5 Bc6 24. Qd2 Ne6 25. a4 Nd4 26. Kb2 f5 27. Bxd4 exd4 28. Bd3 fxe4 29. Nxe4 Bxe4 30. fxe4 Rf8 31. Qe2 Qe5 32. g4 Qg3 33. Rdg1 Qf2 34. Kc2 Bh6 35. gxh5 Qxe2+ 36. Bxe2 gxh5 37. Rg2 Rf4 38. Bxh5 Raf8 39. Bg4 Kh8 40. Bf5 Rf3 41. Rhh2 d3+ 42. Kb2 Rf1 43. Kc3 Rd1 44. h5 Bf4 45. Kd4 d2 46. Kd5 Rf6 47. Re2 Rb1 48. Rxd2 Bxh2 49. Rxh2 Rd1+ 0-1

[Event "Zuerich op-A 28th"]
[Site "Zuerich"]
[Date "2004.12.??"]
[Round "5"]
[White "Galdunts, Sergey"]
[Black "Rodic, Donjan"]
[Result "1-0"]
[WhiteElo "2489"]
[BlackElo "2086"]
[PlyCount "75"]
[EventDate "2004.12.26"]
[EventType "swiss"]
[EventRounds "9"]
[EventCountry "SUI"]
[SourceTitle "EXT 2006"]
[Source "ChessBase"]
[SourceDate "2005.11.24"]
[SourceVersion "1"]
[SourceVersionDate "2005.11.24"]
[SourceQuality "1"]

1. e4 c6 2. d4 d5 3. Nc3 dxe4 4. Nxe4 Nd7 5. Ng5 Ngf6 6. Bc4 e6 7. Qe2 Nb6 8. Bb3 Bd6 9. N1f3 h6 10. Ne4 Nxe4 11. Qxe4 Nd7 12. c3 c5 13. Be3 Qe7 14. 0-0-0 a5 15. Ba4 c4 16. d5 e5 17. Qxc4 0-0 18. Rhe1 f5 19. Kb1 Qf7 20. Bc2 Rd8 21. Nh4 e4 22. f4 g5 23. fxg5 f4 24. g6 Qf6 25. Bf2 e3 26. Nf5 Ne5 27. Qxf4 Bxf5 28. Bxf5 exf2 29. Qxf2 Kg7 30. Rf1 Nc4 31. Bc2 Qxf2 32. Rxf2 Rf8 33. Re2 Rae8 34. Re6 Ne3 35. Rxd6 Nxd1 36. Rd7+ Kg8 37. d6 Ne3 38. Bb3+ 1-0

[Event "EU-ch U16"]
[Site "Budva"]
[Date "2003.09.16"]
[Round "4"]
[White "Skoberne, Jure"]
[Black "Rodic, Donjan"]
[Result "1-0"]
[WhiteElo "2089"]
[BlackElo "2102"]
[PlyCount "39"]
[EventDate "2003.09.13"]
[EventType "swiss"]
[EventRounds "9"]
[EventCountry "YUG"]
[SourceTitle "CBM 096 Extra"]
[Source "ChessBase"]
[SourceDate "2003.10.22"]
[SourceVersion "2"]
[SourceVersionDate "2003.10.20"]
[SourceQuality "1"]

1. g3 g6 2. Bg2 Bg7 3. e4 c5 4. Ne2 Nc6 5. c3 e6 6. 0-0 Nge7 7. d4 cxd4 8. Nxd4 Nxd4 9. cxd4 d5 10. exd5 Nxd5 11. Nc3 Ne7 12. Bf4 Qb6 13. Be5 0-0 14. Na4 Qb5 15. Rc1 Bxe5 16. Rc5 Qb4 17. dxe5 b5 18. Bxa8 Ba6 19. a3 Qxa4 20. Bf3 1-0

[Event "EU-ch U16"]
[Site "Budva"]
[Date "2003.09.14"]
[Round "2"]
[White "Dzhangobegov, Vladimir"]
[Black "Rodic, Donjan"]
[Result "1-0"]
[WhiteElo "2242"]
[BlackElo "2102"]
[PlyCount "35"]
[EventDate "2003.09.13"]
[EventType "swiss"]
[EventRounds "9"]
[EventCountry "YUG"]
[SourceTitle "CBM 096 Extra"]
[Source "ChessBase"]
[SourceDate "2003.10.22"]
[SourceVersion "2"]
[SourceVersionDate "2003.10.20"]
[SourceQuality "1"]

1. e4 c6 2. d4 d5 3. f3 g6 4. Nc3 Bg7 5. Be3 e6 6. Qd2 Ne7 7. 0-0-0 Qa5 8. Bh6 0-0 9. h4 dxe4 10. fxe4 e5 11. Bxg7 Kxg7 12. h5 Ng8 13. Nf3 Bg4 14. hxg6 fxg6 15. Qg5 Bxf3 16. gxf3 Rxf3 17. Bc4 Na6 18. Rdg1 1-0

[Event "Biel MTO op"]
[Site "Biel"]
[Date "2003.07.22"]
[Round "2"]
[White "Beshukov, Sergei"]
[Black "Rodic, Donjan"]
[Result "1-0"]
[WhiteElo "2507"]
[BlackElo "2102"]
[PlyCount "55"]
[EventDate "2003.07.19"]
[EventType "swiss"]
[EventRounds "11"]
[EventCountry "SUI"]
[SourceTitle "CBM 095 Extra"]
[Source "ChessBase"]
[SourceDate "2003.09.04"]
[SourceVersion "1"]
[SourceVersionDate "2003.09.04"]
[SourceQuality "1"]

1. Nf3 Nf6 2. c4 c5 3. g3 g6 4. Bg2 Bg7 5. 0-0 0-0 6. Nc3 Nc6 7. d4 d6 8. d5 Na5 9. Nd2 a6 10. a3 Rb8 11. b4 Nxd5 12. Nxd5 Bxa1 13. bxa5 Bd7 14. Nb3 Bg7 15. Bg5 Re8 16. Qd3 Bc6 17. Nb6 Qc7 18. e4 h6 19. Bf4 Rbd8 20. Rb1 e6 21. Rd1 Bf8 22. g4 Kh8 23. Qc3+ Kg8 24. Rd3 f5 25. gxf5 gxf5 26. exf5 Bxg2 27. Rg3+ Kf7 28. Rxg2 1-0

[Event "Biel MTO op"]
[Site "Biel"]
[Date "2002.07.30"]
[Round "8"]
[White "Rodic, Donjan"]
[Black "Heinis, Vincent"]
[Result "0-1"]
[WhiteElo "2124"]
[BlackElo "2228"]
[PlyCount "70"]
[EventDate "2002.07.22"]
[EventType "swiss"]
[EventRounds "11"]
[EventCountry "SUI"]
[SourceTitle "EXT 2003"]
[Source "ChessBase"]
[SourceDate "2002.11.25"]
[SourceVersion "1"]
[SourceVersionDate "2002.11.25"]
[SourceQuality "1"]

1. d4 Nf6 2. c4 g6 3. Nc3 Bg7 4. e4 d6 5. f3 0-0 6. Bg5 c5 7. d5 a6 8. Qd2 e6 9. a4 Qa5 10. Ra3 Re8 11. Nge2 exd5 12. cxd5 Nbd7 13. Nc1 Rb8 14. Be2 Qc7 15. Nb3 b5 16. axb5 axb5 17. Nxb5 Qb6 18. Nc3 Ne5 19. Be3 Qb4 20. Nd1 Bd7 21. Qxb4 Rxb4 22. Nd2 Reb8 23. b3 Nh5 24. g4 Nf6 25. h3 Bb5 26. Bxb5 R4xb5 27. Ke2 Nfd7 28. Nc3 R5b7 29. Rc1 c4 30. Nxc4 Nxc4 31. bxc4 Rb2+ 32. Kd3 Ne5+ 33. Kd4 Nxf3+ 34. Kd3 Ne5+ 35. Kd4 Nc6+ 0-1

[Event "Biel MTO op"]
[Site "Biel"]
[Date "2002.07.29"]
[Round "7"]
[White "Masserey, Yvan"]
[Black "Rodic, Donjan"]
[Result "1/2-1/2"]
[WhiteElo "2327"]
[BlackElo "2124"]
[PlyCount "73"]
[EventDate "2002.07.22"]
[EventType "swiss"]
[EventRounds "11"]
[EventCountry "SUI"]
[SourceTitle "EXT 2003"]
[Source "ChessBase"]
[SourceDate "2002.11.25"]
[SourceVersion "1"]
[SourceVersionDate "2002.11.25"]
[SourceQuality "1"]

1. e4 c6 2. d4 d5 3. exd5 cxd5 4. c4 Nf6 5. Nc3 e6 6. Nf3 a6 7. Bg5 Be7 8. Bd3 dxc4 9. Bxc4 b5 10. Bb3 Bb7 11. 0-0 0-0 12. Qd3 Nbd7 13. Rad1 Rc8 14. Ne5 Nb6 15. Rfe1 Nbd5 16. Qh3 Nxc3 17. bxc3 Nd5 18. Bc2 g6 19. Bd2 Bg5 20. c4 Bxd2 21. Rxd2 bxc4 22. Qh6 Qe7 23. Re4 f5 24. Re1 Rc7 25. Rde2 Qf7 26. Qc1 Nb4 27. Qa3 Nxc2 28. Rxc2 Bd5 29. Qxa6 Ra8 30. Qd6 Qe7 31. Qxe7 Rxe7 32. Nxc4 Bxc4 33. Rxc4 Rxa2 34. h4 Rd2 35. Rc6 Kf7 36. Rd6 e5 37. Rxe5 1/2-1/2

[Event "Biel MTO op"]
[Site "Biel"]
[Date "2002.07.28"]
[Round "6"]
[White "Rodic, Donjan"]
[Black "Papa, Severin"]
[Result "0-1"]
[WhiteElo "2124"]
[BlackElo "2275"]
[PlyCount "44"]
[EventDate "2002.07.22"]
[EventType "swiss"]
[EventRounds "11"]
[EventCountry "SUI"]
[SourceTitle "EXT 2003"]
[Source "ChessBase"]
[SourceDate "2002.11.25"]
[SourceVersion "1"]
[SourceVersionDate "2002.11.25"]
[SourceQuality "1"]

1. d4 d5 2. Nf3 Nf6 3. c4 c6 4. Nc3 a6 5. a4 e6 6. Bg5 h6 7. Bh4 dxc4 8. Ne5 Nbd7 9. Nxc4 b5 10. Ne5 Bb7 11. f3 Be7 12. e3 b4 13. Nxd7 Nxd7 14. Bxe7 Qxe7 15. Ne4 c5 16. Ng3 0-0 17. Bc4 Rfd8 18. dxc5 Ne5 19. Qe2 Qxc5 20. b3 Rac8 21. Kf2 Nxc4 22. Rac1 Rd2 0-1

[Event "Biel MTO op"]
[Site "Biel"]
[Date "2002.07.22"]
[Round "1"]
[White "Nemet, Ivan"]
[Black "Rodic, Donjan"]
[Result "1-0"]
[WhiteElo "2439"]
[BlackElo "2124"]
[PlyCount "67"]
[EventDate "2002.07.22"]
[EventType "swiss"]
[EventRounds "11"]
[EventCountry "SUI"]
[SourceTitle "EXT 2003"]
[Source "ChessBase"]
[SourceDate "2002.11.25"]
[SourceVersion "1"]
[SourceVersionDate "2002.11.25"]
[SourceQuality "1"]

1. d4 d5 2. Nf3 Nf6 3. c4 e6 4. e3 Nbd7 5. Nc3 Be7 6. Qc2 0-0 7. Bd3 dxc4 8. Bxc4 c5 9. 0-0 a6 10. a4 Qc7 11. Bd3 b6 12. dxc5 Nxc5 13. Ne4 Ra7 14. Nxf6+ Bxf6 15. Bxh7+ Kh8 16. e4 g6 17. a5 Kxh7 18. axb6 Qxb6 19. Be3 Rc7 20. Rfc1 Nb3 21. Qxc7 Qxc7 22. Rxc7 Nxa1 23. e5 Bg7 24. Ng5+ Kg8 25. f4 Nb3 26. Rc3 Na5 27. b4 Nb7 28. Rc7 Bh6 29. Ne4 Rd8 30. Kf2 Bf8 31. Bb6 Bxb4 32. Rc4 Rf8 33. Rxb4 Bd7 34. Nf6+ 1-0